Postavenie a perspektívy Africkej únie bakalárska práca

Guardado en:
Detalles Bibliográficos
Autor principal: Pástorová, Miroslava
Autor Corporativo: Fakulta medzinárodných vzťahov EU. Katedra medzinárodných ekonomických vzťahov a hospodárskej diplomacie
Otros Autores: Lysák, Ladislav
Formato: Libro
Lenguaje:eslovaco
Publicado: Bratislava 2015
Etiquetas: Agregar Etiqueta
Sin Etiquetas, Sea el primero en etiquetar este registro!

MARC

LEADER 00000nbm a2200000 4500
001 0244426
005 20180614101311.7
041 0 |a slo 
044 |a SK 
245 1 0 |a Postavenie a perspektívy Africkej únie  |b bakalárska práca  |c Miroslava Pástorová ; školiteľ: Ladislav Lysák 
264 1 |a Bratislava  |c 2015 
300 |a 56 s. 
100 1 |a Pástorová, Miroslava 
700 1 |a Lysák, Ladislav 
710 2 |a Fakulta medzinárodných vzťahov EU. Katedra medzinárodných ekonomických vzťahov a hospodárskej diplomacie